Lịch sử văn học Anh Quốc từ 1978 đến ngày nay : t. II /

Guardado en:
Detalles Bibliográficos
Autor principal: Đỗ Khánh Hoan
Formato: Sách giấy
Lenguaje:Vietnamese
Publicado: Sàigòn : Sáng tạo , 1969
Etiquetas: Agregar Etiqueta
Sin Etiquetas, Sea el primero en etiquetar este registro!
Thư viện lưu trữ: Thư viện Trường Đại học Đà Lạt
LEADER 00616nam a2200253 4500
001 DLU020013406
005 ##6/13/2000
020 # # |a 978- 
041 # # |a vie 
082 # # |a 820  |b DO-H 
090 # # |a 820  |b DO-H 
100 # # |a Đỗ Khánh Hoan 
245 # # |a Lịch sử văn học Anh Quốc từ 1978 đến ngày nay :  |b t. II /  |c Đỗ Khánh Hoan 
260 # # |a Sàigòn :  |b Sáng tạo ,  |c 1969 
300 # # |a 477 tr.;   |c 24 cm. 
992 # # |a 716 
994 # # |a DLU 
900 # # |a False 
911 # # |a Administrator 
925 # # |a G 
926 # # |a A 
927 # # |a SH 
980 # # |a Thư viện Trường Đại học Đà Lạt